000 00639nam a2200193 a 4500
001 000021834
005 20200930011452.0
008 100913s1988 dr ab 000 0 spa d
040 _aDO-SdBNP
_bspa
_cBNPHU
082 _axxx
_bT693b
100 1 _aTorres Petiton, Francisco
_937859
245 1 0 _aBrevísima cronología de La Concepción /
_cFrancisco Torres Petiton.
260 _aLa Vega :
_bEnriquillo,
_c1988.
300 _a35 p. :
_bil. ; map. ;
_c21 cm.
490 1 _aVega vieja
_v1
500 _acomisión para la puesta en valor del sitio histórico de la concepción de la Vega.
830 0 _aVega vieja
_n1
_945342
049 _aBNPD
999 _c21332
_d21332